| 000 | 00562nam a22001937a 4500 | ||
|---|---|---|---|
| 005 | 20260421104529.0 | ||
| 008 | 260421b |||||||| |||| 00| 0 eng d | ||
| 020 | _a978-93-90281-41-1 | ||
| 050 | _aR 772 .S56 2021 | ||
| 100 | _aSINGH, TEJINDER | ||
| 245 | _aPRINCIPLES OF MEDICAL EDUCATION | ||
| 250 | _a5TH | ||
| 260 |
_aNEW DELHI _bJAYPEE BROTHERS MEDICAL PUBLISHER _c2021 |
||
| 300 | _aviii,248p. ill | ||
| 500 | _aINCLUDES BIBLIOGRAPHICAL REFERENCES | ||
| 650 | _aMEDICAL EDUCATION | ||
| 700 | _aGUPTA,PIYUSH AND SINGH, DALJIT | ||
| 942 |
_2lcc _cBK |
||
| 999 |
_c217037 _d217037 |
||